000
00267nam a22001097a 4500
008
170112b xxu||||| |||| 00| 0 eng d
020
_a
9780766825086
041
_a
eng
080
_a
618.2
245
_a
NURSING LEADERSHIP & MANAGEMENT
_c
HEIDENTHAL, P.K
942
_2
udc
_c
BK
999
_c
2827
_d
2827